[Event "CZE-tht Extraliga 2018-19"]
[Site "Czech Republic"]
[Date "2019.01.13"]
[Round "6"]
[White "Balogh, Csaba"]
[Black "Nguyen, Thai Dai Van"]
[Result "1/2-1/2"]
[WhiteElo "2632"]
[BlackElo "2535"]
[Annotator "TA"]
[PlyCount "53"]
[EventDate "2018.11.03"]
[EventType "team-tourn"]
[EventCountry "CZE"]
[SourceTitle "playchess.com"]
[Source "ChessBase"]
[SourceQuality "1"]
[WhiteTeam "Brno"]
[BlackTeam "Siesta"]

{[%evp 13,53,17,30,25,20,6,12,6,22,0,0,0,2,8,8,8,9,8,18,12,17,17,20,0,0,0,0,-4,-5,-9,0,0,-7,-12,-12,-21,-16,-22,-20,-20,-9,-10]} 1. e4 e5 2. Nf3 Nf6 3. Nxe5 d6 4. Nf3 Nxe4 5. Bd3 Nf6 6. O-O {C42: Petroff Defence: 3 Nxe5 and unusual White 3rd moves} Be7 7. Re1 O-O {LiveBook: 6 Games} 8. c3 {White has an edge.} d5 9. Bc2 {The position is equal.} Re8 10. d4 Bg4 11. Nbd2 Nbd7 12. Nf1 Bd6 13. Rxe8+ Qxe8 {[#]} 14. h3 $146 Bh5 15. Ng3 Bg6 16. Nf5 Bxf5 17. Bxf5 Ne4 18. Nd2 Ndf6 19. Nxe4 Nxe4 20. Qc2 g6 21. Bxe4 Qxe4 22. Qxe4 dxe4 $11 {KRB-KRB} 23. Bd2 f5 24. Re1 Kf7 25. f3 exf3 26. gxf3 Re8 27. Rxe8 {Accuracy: White = 69%, Black = 68%.} 1/2-1/2

[Event "CZE-tht Extraliga 2018-19"]
[Site "Czech Republic"]
[Date "2019.01.13"]
[Round "6"]
[White "Huschenbeth, Niclas"]
[Black "Harikrishna, Pentala"]
[Result "1/2-1/2"]
[WhiteElo "2591"]
[BlackElo "2730"]
[Annotator "TA"]
[PlyCount "117"]
[EventDate "2018.11.03"]
[EventType "team-tourn"]
[EventCountry "CZE"]
[SourceTitle "playchess.com"]
[Source "ChessBase"]
[SourceQuality "1"]
[WhiteTeam "Duras"]
[BlackTeam "Novoborsky"]

{[%evp 14,117,41,6,36,29,41,44,49,41,22,22,35,27,35,28,27,28,28,0,0,-7,0,-26,-12,-10,0,-13,0,0,3,0,0,0,0,0,5,0,0,0,0,0,13,0,0,0,14,10,9,14,33,28,68,58,88,80,88,43,87,37,38,38,47,0,21,0,42,38,41,33,33,39,43,34,33,23,33,35,39,12,19,8,10,0,0,0,0,0,40,8,8,0,0,0,0,0,0,0,0,0,0,0,0,0,0,0]} 1. e4 e5 2. Nf3 Nc6 3. Bb5 Nf6 4. O-O Nxe4 5. Re1 Nd6 6. Nxe5 Be7 7. Bf1 Nf5 {C67: Ruy Lopez: Berlin Defence: 4 0-0 Nxe4} 8. Bd3 {LiveBook: 14 Games} (8. Nf3 {is more complex.} d5 9. d4 O-O 10. c3 Nd6 11. Nbd2) 8... Nh6 $146 ({Predecessor:} 8... Nxe5 9. Bxf5 d6 10. Bxc8 Rxc8 11. d4 Ng6 12. Nd2 O-O 13. Nf3 Qd7 14. Qd3 Rfe8 15. Bd2 Nh4 16. Re2 {½-½ (16) Yu,Y (2760)-Nakamura,H (2781) chess.com INT 2018}) 9. Nf3 O-O {White has an edge.} 10. c3 d5 11. Bb5 Nf5 12. d4 Bd6 13. g3 Re8 14. Rxe8+ Qxe8 15. Nbd2 f6 16. b3 Bd7 17. Bb2 Nce7 18. Bf1 c6 19. Qc1 Be6 20. Ba3 Bc7 21. c4 Qd7 22. Qc3 Re8 23. Re1 Nd6 24. Bxd6 Bxd6 25. c5 Bc7 26. b4 {[%cal Bb3b4,Bb4b5][%mdl 32]} Ng6 27. a4 Bf5 28. Rxe8+ Qxe8 29. b5 Bd7 30. Qb4 Qd8 31. Nb3 b6 32. Ne1 {[%cal Bf3e1,Be1c2,Bc2b4,Bb4a6][%mdl 32]} h5 33. Nc2 h4 34. Qc3 Qe8 {[%cal Rc6b5]} 35. Nb4 Ne7 {[%cal Rc6b5]} 36. Na6 Bd8 {[%cal Rc6b5]} 37. Nb8 Bc7 38. Na6 Bd8 {[%cal Rc6b5]} 39. Nb8 Bc7 $1 40. Nxd7 Qxd7 41. Qf3 hxg3 42. hxg3 Qe6 43. Qh5 {[#] aiming for Qe8+.} g6 44. Qh3 (44. Qe2 {keeps more tension.} Qe4 45. Nd2 Qxe2 46. Bxe2 Kf7 47. Nb3) 44... Qxh3 45. Bxh3 $11 {[%mdl 4096] Endgame KBN-KBN} f5 46. Nc1 Kf7 47. Nd3 Ke6 48. Bg2 cxb5 49. axb5 bxc5 50. dxc5 d4 51. Bb7 Nd5 {The position is equal.} 52. Kg2 Nc3 53. Bc6 g5 54. Kf3 Ba5 55. g4 f4 56. Nc1 Bb4 57. Nd3 Ba5 58. Nc1 Bb4 59. Nd3 {Accuracy: White = 61%, Black = 65%.} 1/2-1/2

[Event "CZE-tht Extraliga 2018-19"]
[Site "Czech Republic"]
[Date "2019.01.13"]
[Round "6"]
[White "Stocek, Jiri"]
[Black "Oral, Tomas"]
[Result "1/2-1/2"]
[WhiteElo "2587"]
[BlackElo "2509"]
[Annotator "TA"]
[PlyCount "28"]
[EventDate "2018.11.03"]
[EventType "team-tourn"]
[EventCountry "CZE"]
[SourceTitle "playchess.com"]
[Source "ChessBase"]
[SourceQuality "1"]
[WhiteTeam "Pardubice"]
[BlackTeam "Lysa nad Labem"]

{[%evp 16,28,17,14,19,0,0,0,10,0,0,0,0,-21,21]} 1. c4 e5 2. Nc3 Nf6 3. Nf3 Nc6 4. e3 Bb4 5. Qc2 Bxc3 6. Qxc3 Qe7 7. b3 {A28: English Opening: Four Knights Variation} (7. d4 Ne4 8. Qd3 exd4 9. Nxd4 O-O 10. Be2 Qb4+ 11. Kf1 Qe7 12. f3 f5 13. Qd1 Nc5 14. Kf2 d6 {½-½ (23) Caruana,F (2827)-Ding,L (2804) Batumi 2018}) 7... d5 8. d4 Ne4 9. Qb2 $1 {LiveBook: 3 Games. The position is equal.} Be6 10. Be2 $146 ({Predecessor:} 10. cxd5 Bxd5 11. dxe5 O-O-O 12. Be2 Ng5 13. e4 Nxe4 14. O-O Rhe8 {1-0 (40) Harutyunian,T (2488)-Kozionov,K (2423) Moscow 2018}) 10... exd4 11. Nxd4 Nxd4 12. exd4 Qb4+ 13. Bd2 $1 {[%cal Rd2b4]} Nxd2 14. Qxd2 Qxd2+ 1/2-1/2

[Event "CZE-tht Extraliga 2018-19"]
[Site "Czech Republic"]
[Date "2019.01.13"]
[Round "6"]
[White "Michalik, Peter"]
[Black "Heberla, Bartlomiej"]
[Result "1/2-1/2"]
[WhiteElo "2567"]
[BlackElo "2550"]
[Annotator "TA"]
[PlyCount "76"]
[EventDate "2018.11.03"]
[EventType "team-tourn"]
[EventCountry "CZE"]
[SourceTitle "playchess.com"]
[Source "ChessBase"]
[SourceQuality "1"]
[WhiteTeam "Siesta"]
[BlackTeam "Brno"]

{[%evp 16,76,20,18,72,68,100,21,55,0,43,50,71,92,82,41,135,141,143,-93,0,-69,8,8,8,8,8,8,8,8,8,8,108,56,54,55,66,66,60,60,57,54,57,56,58,66,67,17,17,17,17,17,21,20,55,19,20,8,80,23,28,0,0]} 1. d4 Nf6 2. c4 c5 3. d5 b5 4. cxb5 a6 5. bxa6 g6 6. Nc3 {A58: Benko/Volga Gambit: Lines with 5 bxa6} Bg7 7. e4 {[%cal Be2e4,Be4e5][%mdl 32]} (7. Nf3 O-O 8. g3 d6 9. Bg2 Nxa6 10. O-O Bf5 11. Nh4 Bd7 12. b3 Qb6 13. Bd2 Rfb8 14. Re1 Nc7 15. Qc2 Ra3 16. Qc1 Qa7 17. e4 Ng4 18. h3 {0-1 (38) Li,C (2732)-Shankland,S (2671) Liaocheng 2018}) 7... O-O 8. e5 Ne8 9. h4 {LiveBook: 3 Games} d6 (9... Bxe5 $11 10. h5 Bg7) 10. e6 $146 ({Predecessor:} 10. exd6 Nf6 11. Bb5 exd6 12. Nge2 Nxa6 13. Bf4 Rb8 {½-½ (38) Buss,R (2360)-Van der Werf,M (2412) Novi Sad 2016}) 10... Qa5 11. Nf3 (11. Bd2 $16) 11... fxe6 12. h5 (12. Bd2 $1 $14) 12... gxh5 13. Bd2 Qb6 14. Rxh5 Nf6 15. Rh4 {Threatens to win with Qc2.} Nxa6 {[#]} (15... exd5 $14 16. Qb1 e6) 16. Qb1 $1 Nb4 17. Bg5 $2 (17. dxe6 $16 {keeps the pressure on. Strongly threatening a3.} d5 18. a3) 17... Nbxd5 (17... exd5 $17 18. a3 Qa5) 18. Bd3 (18. Bd2 $11) 18... Rf7 (18... h5 $15 19. Bd2 Nxc3 20. Bxc3 d5) 19. Bxh7+ $11 Kf8 $1 $132 {[%mdl 2048] Black puts up resistance} 20. Bg6 Nxc3 $1 21. bxc3 Qxb1+ 22. Rxb1 (22. Bxb1 Nd5 $17) 22... Nd5 23. c4 Nc3 {[#]} (23... Nb4 $1 $11 {keeps the balance.}) 24. Rb3 ({Don't play} 24. Bxf7 $6 Nxb1 25. Bg6 Nc3 $11) ({White should play} 24. Rb6 $1 $16) 24... Nxa2 $14 25. Bxf7 Kxf7 26. Rh7 Kg8 27. Rxg7+ Kxg7 28. Bxe7 Ra6 29. Rb8 Bd7 30. Rd8 Bc6 $1 31. Bxd6 {Hoping for Ne5.} Bxf3 $1 32. gxf3 {[%mdl 4096] Endgame With the idea Kd2. KRB-KRN} Ra4 33. Re8 Rxc4 34. Rxe6 Nb4 35. Ke2 Kf7 36. Re5 Nc6 (36... Rc2+ $11 {remains equal.} 37. Ke3 Rc3+ 38. Ke4 Nd3) 37. Rh5 ({Better is} 37. Rxc5 $16 Nd4+ 38. Ke3 Nc2+ 39. Kd3 Rd4+ 40. Ke2 Rxd6 41. Rxc2) 37... Kg6 $1 $11 {[%cal Rg6h5]} 38. Rd5 Rd4 {Accuracy: White = 45%, Black = 40%.} 1/2-1/2

[Event "CZE-tht Extraliga 2018-19"]
[Site "Czech Republic"]
[Date "2019.01.13"]
[Round "6"]
[White "Krejci, Jan"]
[Black "Cerveny, Martin"]
[Result "1-0"]
[WhiteElo "2562"]
[BlackElo "2347"]
[Annotator "TA"]
[PlyCount "91"]
[EventDate "2018.11.03"]
[EventType "team-tourn"]
[EventCountry "CZE"]
[SourceTitle "playchess.com"]
[Source "ChessBase"]
[SourceQuality "1"]
[WhiteTeam "Novoborsky"]
[BlackTeam "Duras"]

{[%evp 21,91,-20,-8,-24,-14,-31,4,14,14,10,147,137,168,159,370,359,377,378,395,352,487,494,475,487,539,541,538,537,520,536,549,531,504,552,526,542,553,556,556,554,546,558,544,542,547,494,484,472,598,587,556,383,546,530,741,529,501,402,825,753,827,824,29971,29972,29971,29972,29972,29973,29973,29974,29972,669]} 1. c4 c5 2. Nf3 Nc6 3. g3 g6 4. Bg2 Bg7 5. Nc3 e6 6. O-O Nge7 7. a3 O-O 8. Rb1 a5 {A37: Symmetrical English vs ...g6: 4 Bg2 Bg7 5 Nf3} 9. d3 d5 10. Bg5 h6 11. Bd2 b6 {LiveBook: 47 Games} 12. h4 $146 ({Predecessor:} 12. Qc1 Kh7 13. Rd1 Bb7 14. Na4 e5 15. e3 d4 16. Qc2 dxe3 17. fxe3 Rb8 {½-½ (65) Pantsulaia,L (2595)-Safarli,E (2653) Warsaw 2013}) 12... dxc4 13. dxc4 Bb7 14. Qc1 Kh7 15. Rd1 Nf5 (15... Qb8 $11) 16. Bxh6 $1 $16 {[%mdl 64] [#] Discovered Attack} Bxh6 17. Rxd8 Raxd8 $2 (17... Bxc1 $16 18. Rxa8 Rxa8) 18. e3 Ba8 19. Qc2 Kg8 20. g4 Nxe3 21. fxe3 Bxe3+ 22. Kh1 Ne5 23. Nxe5 Rd2 24. Qxd2 $1 Bxd2 25. Rd1 Bf4 26. Nd7 {[%mdl 64] Double Attack} Rc8 27. Nb5 Kg7 28. Nxb6 Bxg2+ 29. Kxg2 Rh8 30. Kf3 Be5 31. Nd7 Bxb2 32. Rb1 Bf6 33. Nxf6 Kxf6 $18 {[%mdl 4096] Endgame KRN-KR} 34. Rh1 Ke5 35. h5 Rh6 36. Re1+ Kf6 37. Kf4 Ke7 38. hxg6 Rxg6 39. Na7 Rg8 (39... Rf6+ $142 40. Ke4 a4 41. Nc6+ Kf8) 40. Rd1 Kf6 41. Nc6 Rh8 42. Ne5 {White mates.} Rh2 43. g5+ Kg7 44. Rd7 Rf2+ 45. Ke3 Rf5 {[#]} 46. Ke4 {Accuracy: White = 95%, Black = 42%.} (46. Rxf7+ $142 $1 {[%mdl 512]} Rxf7 47. Nxf7 Kxf7 48. Kf4 Ke8 49. Ke5 Kf7 50. Kd6 Kg6 51. Kxc5 Kxg5 52. Kd6) 1-0

[Event "CZE-tht Extraliga 2018-19"]
[Site "Czech Republic"]
[Date "2019.01.13"]
[Round "6"]
[White "Plat, Vojtech"]
[Black "Hracek, Zbynek"]
[Result "1/2-1/2"]
[WhiteElo "2550"]
[BlackElo "2563"]
[Annotator "TA"]
[PlyCount "39"]
[EventDate "2018.11.03"]
[EventType "team-tourn"]
[EventCountry "CZE"]
[SourceTitle "playchess.com"]
[Source "ChessBase"]
[SourceQuality "1"]
[WhiteTeam "Lysa nad Labem"]
[BlackTeam "Pardubice"]

{[%evp 30,39,37,36,27,-36,-33,-72,-26,-46,-39,-16]} 1. e4 c5 2. Ne2 Nc6 3. d4 cxd4 4. Nxd4 Nf6 5. Nc3 e5 6. Ndb5 d6 7. Bg5 a6 8. Na3 b5 9. Nd5 Be7 10. Bxf6 Bxf6 11. c3 Ne7 12. Nxf6+ gxf6 13. Qf3 f5 14. exf5 Bxf5 15. Bd3 Be6 {B33: Sicilian: Pelikan and Sveshnikov Variations} 16. Nc2 {LiveBook: 3 Games} O-O 17. g4 (17. a4 $11) 17... Ng6 $146 {[%cal Be7g6,Bg6f4,Bf4d3][%mdl 32]} ({Predecessor:} 17... d5 18. Qg3 e4 19. Be2 Nc6 20. Rd1 b4 21. h4 bxc3 22. Qxc3 Qd6 23. Qf6 {0-1 (33) Bauer,O-Forgacs,G (2370) Wuerzburg 1988}) 18. Ne3 Nf4 19. Qe4 {[%csl Gd3][%cal Re4h7] [#]} Nxd3+ 20. Qxd3 1/2-1/2

[Event "CZE-tht Extraliga 2018-19"]
[Site "Czech Republic"]
[Date "2019.01.13"]
[Round "6"]
[White "Markowski, Tomasz"]
[Black "Straka, Vojtech"]
[Result "1-0"]
[WhiteElo "2546"]
[BlackElo "2371"]
[Annotator "TA"]
[PlyCount "85"]
[EventDate "2018.11.03"]
[EventType "team-tourn"]
[EventCountry "CZE"]
[SourceTitle "playchess.com"]
[Source "ChessBase"]
[SourceQuality "1"]
[WhiteTeam "Poruba"]
[BlackTeam "Cesky Tesin"]

{[%evp 17,85,4,8,4,10,8,20,9,31,31,39,22,26,16,20,15,30,0,-12,-11,-11,-7,0,-7,0,0,0,0,0,0,11,18,18,17,109,119,127,101,128,135,120,99,88,93,89,95,97,103,105,114,164,164,109,108,303,288,469,469,468,470,458,464,458,452,417,187,183,153,150,147]} 1. d4 Nf6 2. Nf3 e6 3. e3 c5 4. Bd3 Nc6 5. O-O d5 6. b3 Qc7 7. Bb2 {D05: Colle System with ...e6} cxd4 8. exd4 Nb4 9. Bb5+ Bd7 {LiveBook: 8 Games} 10. Na3 {[%cal Bb1a3,Ba3b5,Bb5c3][%mdl 32]} Bxb5 11. Nxb5 Qd8 $146 ({Predecessor:} 11... Qb6 12. c4 Be7 13. Qe2 O-O 14. Bc1 a6 {½-½ (144) Stefanova,A (2549)-Iljushina,O (2329) Dagomys 2009}) 12. c4 a6 13. Nc3 Bd6 14. Qe2 {And now a3 would win.} O-O 15. Rfd1 Qe7 16. Ba3 {Strongly threatening c5.} (16. a3 {looks sharper.} Nc6 17. c5 Bc7 18. b4 Rfb8 19. Re1) 16... Nc6 17. cxd5 (17. Bxd6 {is interesting.} Qxd6 18. Qe3 Rfc8 19. c5 Qc7 20. Rac1) 17... Nxd5 18. Nxd5 exd5 19. Qxe7 Bxe7 20. Bxe7 Nxe7 21. Rac1 Rfc8 22. Ne5 Nf5 23. Kf1 Rxc1 24. Rxc1 Nxd4 $11 {[%mdl 4096] Endgame KRN-KRN} 25. Rc7 Nb5 (25... f6 $11 26. Nd3 a5) 26. Rxb7 $16 Rc8 27. g3 (27. Rxf7 $6 Re8 $11) 27... Nc3 28. a4 (28. Rxf7 $6 Re8 $14) 28... Ne4 29. Nc6 ({Much less strong is} 29. Nxf7 $6 Rc2 $14) ({Weaker is} 29. Rxf7 Re8 $15) 29... Kf8 {[#]} 30. Nd4 $1 g6 31. f3 Rc1+ 32. Ke2 Nc5 33. Rb6 Rb1 {[#]} 34. a5 $1 {[%cal Ba4a5,Ba5a6,Ba6a7][%mdl 32]} Rb2+ (34... Ke7 $18 35. b4 Ne6 36. Nc6+ Kd6) 35. Ke3 Rxh2 $2 (35... Ra2 $16 {was worth a try.}) 36. b4 $18 Na4 $2 (36... Nd7 37. Rxa6 Ke7 38. Nc6+ Kd6) 37. b5 ({Less strong is} 37. Rxa6 Ke7 $18) 37... axb5 38. Rb8+ Kg7 39. a6 {a7 is the strong threat.} Ra2 40. a7 Ra3+ 41. Kf4 (41. Kf2 $142 Ra2+ 42. Kf1 Ra1+ 43. Kg2 Ra2+ 44. Kh3) 41... Nb6 42. Nxb5 Ra4+ 43. Ke3 {Precision: White = 72%, Black = 40%.} 1-0

[Event "CZE-tht Extraliga 2018-19"]
[Site "Czech Republic"]
[Date "2019.01.13"]
[Round "6"]
[White "Zhigalko, Andrey"]
[Black "Dziuba, Marcin"]
[Result "1/2-1/2"]
[WhiteElo "2545"]
[BlackElo "2563"]
[Annotator "TA"]
[PlyCount "71"]
[EventDate "2018.11.03"]
[EventType "team-tourn"]
[EventCountry "CZE"]
[SourceTitle "playchess.com"]
[Source "ChessBase"]
[SourceQuality "1"]
[WhiteTeam "Beskydska"]
[BlackTeam "Ostrava"]

{[%evp 34,71,12,4,41,39,95,65,50,43,54,32,63,65,54,34,75,35,40,31,42,39,48,49,160,62,63,0,0,-41,-20,-29,-35,-238,-240,-228,-213,-215,-217,-192]} 1. e4 c5 2. Nf3 d6 3. d4 cxd4 4. Nxd4 Nf6 5. Nc3 a6 6. Be3 e5 7. Nb3 Be7 8. f3 Be6 9. Qd2 O-O 10. O-O-O Nbd7 11. g4 {[%cal Bg2g4,Bg4g5][%mdl 32]} b5 12. g5 Nh5 13. Nd5 Bxd5 {B90: Sicilian Najdorf: Unusual White 6th moves, 6 Be3 Ng4 and 6 Be3 e5} 14. exd5 f6 15. g6 (15. gxf6 Bxf6 16. Kb1 Nf4 17. Na5 Nb6 18. Nc6 Qc7 19. Bxf4 exf4 20. c3 Rae8 21. Rg1 {½-½ (88) So,W (2776)-Wojtaszek,R (2727) Batumi 2018}) 15... hxg6 16. Na5 Qe8 17. Nc6 f5 18. Kb1 {LiveBook: 6 Games} Bh4 $146 ({Predecessor:} 18... Nb8 19. Nxe5 dxe5 20. d6 Nf6 21. dxe7 Qxe7 {½-½ (41) Shkuro,I (2560)-Kornyukov,A (2452) Azov 2010}) 19. Qb4 f4 (19... e4 $14) 20. Ba7 Rxa7 21. Nxa7 Nc5 22. Nc6 Nf6 23. c4 $36 {[%mdl 2048] Black is under pressure.} bxc4 24. Qxc4 {Hoping for Bh3.} a5 25. Nxa5 e4 $1 26. Be2 Nfd7 27. Qc2 {Strongly threatening Bb5.} Ne5 28. Rhf1 e3 ({Black should try} 28... exf3 $14 29. Bxf3 Qb5) 29. a3 (29. Rd4 $16) 29... Bf6 $14 {[#]} 30. Rc1 (30. Nc6 $1 $14) 30... Qa8 $11 31. b4 (31. Nc6 $5) 31... Rb8 32. Ka2 $1 Qxd5+ 33. Bc4 $2 (33. Nc4 $15 Ncd3 34. Rcd1) 33... Nxc4 $19 {Black is clearly better.} 34. Qxc4 Qxc4+ 35. Rxc4 Nd3 36. Rc2 {Precision: White = 33%, Black = 62%.} 1/2-1/2

[Event "CZE-tht Extraliga 2018-19"]
[Site "Czech Republic"]
[Date "2019.01.13"]
[Round "6"]
[White "Tazbir, Marcin"]
[Black "Petrik, Tomas"]
[Result "1-0"]
[WhiteElo "2532"]
[BlackElo "2468"]
[Annotator "TA"]
[PlyCount "59"]
[EventDate "2018.11.03"]
[EventType "team-tourn"]
[EventCountry "CZE"]
[SourceTitle "playchess.com"]
[Source "ChessBase"]
[SourceQuality "1"]
[WhiteTeam "Brno"]
[BlackTeam "Siesta"]

{[%evp 18,59,32,32,67,50,58,58,50,33,49,31,110,102,108,73,81,67,119,110,113,118,125,114,332,322,730,720,475,452,679,665,839,754,727,545,1902,1828,1766,1741,29992,29993,29993,29984]} 1. e4 e6 2. d4 d5 3. Nc3 Bb4 4. e5 Ne7 5. a3 Bxc3+ 6. bxc3 c5 7. h4 b6 8. h5 h6 {C18: French: 3 Nc3 Bb4: Main line: 7 h4 and 7 Qg4} 9. Qg4 Nf5 10. Bd3 {LiveBook: 3 Games} O-O {White is slightly better.} (10... Kf8 11. Qf4 c4 12. Bxf5 exf5 13. a4 Be6 14. Ne2 Kg8 15. Ng3 Qd7 16. Nf1 {1-0 (47) Bartel,M (2600)-Studer,N (2494) Skopje 2018}) 11. Qh3 $146 ({Predecessor:} 11. Rh3 c4 12. Bxf5 exf5 13. Qe2 Nc6 14. Rg3 Kh7 15. Nh3 Be6 16. Qe3 Qh4 17. Rxg7+ Kxg7 18. Qxh6+ Kg8 19. Ng5 Rfe8 20. Nh7 f6 21. Nxf6+ Kf7 22. Qh7+ {1-0 (22) Holtel,J (2177)-Novotny,M (2349) Pardubice 2015}) 11... Ne7 12. g4 $1 Ba6 13. Bxa6 $1 Nxa6 14. g5 (14. Ne2 $5 {[%cal Rg4g5]}) 14... cxd4 (14... Nf5 $14) 15. gxh6 $16 Qc7 16. hxg7 Kxg7 17. Ne2 $36 {[%mdl 2048] Hoping for h6+. White is pushing.} ({Much weaker is} 17. cxd4 Qxc2 18. Ne2 Kh7 $11) 17... Nf5 ({Better is} 17... Rg8 $14) 18. cxd4 Qxc2 19. h6+ Kh7 20. Rg1 $1 Rac8 $2 (20... Nc7 $16 {was called for.}) 21. Rg7+ $1 $18 Nxg7 $2 (21... Kh8 22. Bg5 Nb8) 22. hxg7+ Kxg7 23. Bh6+ Kg8 {[#]} (23... Kh8 $142 24. Bxf8+ Qh7) 24. f3 $1 Qf5 25. Qh4 Rc2 {[#]} 26. Kf2 $1 {Threatens to win with Rg1+.} ({Not} 26. Nf4 Qh7 $11) 26... Qg6 27. Rg1 Rxe2+ 28. Kf1 Qxg1+ 29. Kxg1 f6 30. Qg4+ {Precision: White = 87%, Black = 31%.} 1-0

[Event "CZE-tht Extraliga 2018-19"]
[Site "Czech Republic"]
[Date "2019.01.13"]
[Round "6"]
[White "Cvek, Robert"]
[Black "Langner, Ladislav"]
[Result "1/2-1/2"]
[WhiteElo "2520"]
[BlackElo "2387"]
[Annotator "TA"]
[PlyCount "59"]
[EventDate "2018.11.03"]
[EventType "team-tourn"]
[EventCountry "CZE"]
[SourceTitle "playchess.com"]
[Source "ChessBase"]
[SourceQuality "1"]
[WhiteTeam "Poruba"]
[BlackTeam "Cesky Tesin"]

{[%evp 32,59,0,-2,0,-2,0,-7,0,0,0,-3,-12,-2,-4,-11,0,0,0,-9,0,-4,0,-5,0,0,0,0,0,0]} 1. Nf3 c5 2. b3 Nf6 3. Bb2 g6 4. c4 Bg7 5. g3 b6 6. Bg2 Bb7 7. O-O O-O 8. Nc3 d5 9. Nxd5 Nxd5 10. Bxg7 Kxg7 11. cxd5 Qxd5 12. d4 Na6 13. Nh4 {A30: Symmetrical English: Double Fianchetto and Hedgehog} (13. dxc5 Nxc5 14. Qxd5 Bxd5 15. Rfd1 Rfd8 16. Rac1 Kf6 17. h4 Rac8 18. b4 Bxf3 19. Rxd8 Rxd8 20. Bxf3 Ne6 21. Rc3 Nd4 22. Rc7 Nb5 23. Rb7 Rd4 24. a4 Nd6 {½-½ (24) Howell,D (2698)-Van Kampen,R (2646) Germany 2018}) 13... Qd7 14. dxc5 Qxd1 15. Rfxd1 Bxg2 16. Kxg2 Nxc5 17. b4 {LiveBook: 6 Games. The position is equal.} Ne6 18. Rd7 Kf6 19. Nf3 Rfd8 $146 ({Predecessor:} 19... a5 20. Rb1 axb4 21. Rxb4 Rxa2 {0-1 (37) Manelis,V (2340)-Chuprikov,D (2383) Voronezh 2007}) 20. Rad1 a5 21. bxa5 {[#] Strongly threatening Rxd8.} Rxd7 22. Rxd7 Rxa5 $11 {[%mdl 4096] Endgame KRN-KRN} 23. Rd2 Ra4 24. Rb2 b5 25. Ne1 Nd4 26. e3 Nf5 27. Nc2 Nd6 28. Nd4 e5 29. Nxb5 Nxb5 30. Rxb5 1/2-1/2

[Event "CZE-tht Extraliga 2018-19"]
[Site "Czech Republic"]
[Date "2019.01.13"]
[Round "6"]
[White "Kriebel, Tadeas"]
[Black "Mlynek, Petr"]
[Result "1-0"]
[WhiteElo "2519"]
[BlackElo "2097"]
[Annotator "TA"]
[PlyCount "55"]
[EventDate "2018.11.03"]
[EventType "team-tourn"]
[EventCountry "CZE"]
[SourceTitle "playchess.com"]
[Source "ChessBase"]
[SourceQuality "1"]
[WhiteTeam "Novoborsky"]
[BlackTeam "Duras"]

{[%evp 24,55,76,62,61,51,108,100,97,94,102,80,99,86,78,75,148,138,138,70,114,120,162,124,267,294,323,349,330,317,830,816,2137,2083]} 1. e4 {[%cal Be2e4,Be4e5][%mdl 32]} c6 2. d4 d5 3. e5 Bf5 4. Nf3 e6 5. Be2 Nd7 6. O-O Ne7 7. Nh4 Bg6 8. Nd2 c5 9. c3 Nc6 10. Nxg6 hxg6 11. Nf3 cxd4 {B12: Caro-Kann: Advance Variation} (11... Qb6 12. g3 Rc8 13. Kg2 Be7 14. h4 Kd8 15. Rb1 cxd4 16. cxd4 Na5 17. b3 Kc7 18. Ng5 Rhf8 19. Be3 {1-0 (37) Shirov,A (2696)-Romero Holmes,A (2469) Rabat 2015}) 12. cxd4 Be7 13. g3 {LiveBook: 4 Games} g5 {White is slightly better.} 14. Be3 f6 $146 (14... f5 $14) ({Predecessor:} 14... a6 15. Rc1 Nf8 16. Rc3 f6 17. Qa4 Qb6 18. Rfc1 Qxb2 19. Rb3 Qxe2 20. Rxb7 {1-0 (33) De Groot,A (2454)-Craig,T (2425) ICCF email 1997}) 15. Nxg5 $1 $16 fxg5 16. Bh5+ Kf8 17. f4 {[%cal Bf2f4,Bf4g5][%mdl 32] [#]} g6 $1 18. Bxg6 Kg7 19. Bh5 ({But not} 19. f5 Qb6 $15) 19... Qg8 (19... Qb6 $142) 20. fxg5 {Hoping for Rf7+.} Rf8 21. g4 (21. Rxf8 $1 $16 Nxf8 22. Qf3) 21... Rxf1+ 22. Qxf1 Nf8 23. Qf2 $36 {[%mdl 3072] White has strong compensation. Black is under strong pressure.} Nd8 {[#]} (23... Ng6 $16) 24. Rc1 $1 $18 {[%cal Ba1c1,Bc1c7,Bc7e7][%mdl 32] aiming for Rc7.} Rh7 25. Rc7 {[%csl Ge5,Gg5][%cal Rf2f6]} Kh8 26. h4 Ng6 $2 (26... Rg7 27. a3 a6) 27. Bxg6 Qxg6 {[#]} 28. Rxe7 $1 {[%mdl 512] Accuracy: White = 88%, Black = 25%.} 1-0

[Event "CZE-tht Extraliga 2018-19"]
[Site "Czech Republic"]
[Date "2019.01.13"]
[Round "6"]
[White "Antoniewski, Rafal"]
[Black "Jakubiec, Artur"]
[Result "1/2-1/2"]
[WhiteElo "2517"]
[BlackElo "2496"]
[Annotator "TA"]
[PlyCount "68"]
[EventDate "2018.11.03"]
[EventType "team-tourn"]
[EventCountry "CZE"]
[SourceTitle "playchess.com"]
[Source "ChessBase"]
[SourceQuality "1"]
[WhiteTeam "Beskydska"]
[BlackTeam "Ostrava"]

{[%evp 26,68,36,39,58,46,46,46,48,43,69,45,52,60,65,51,51,51,56,52,60,27,62,25,27,0,0,0,0,0,0,0,0,0,0,0,0,0,0,0,0,0,51,51,51]} 1. e4 c5 2. Nf3 Nc6 3. d4 cxd4 4. Nxd4 e5 5. Nb5 d6 6. N1c3 a6 7. Na3 b5 8. Nd5 Nge7 9. c4 Nxd5 {B32: Sicilian: Löwenthal and Kalashnikov Variations} 10. cxd5 Nd4 11. Bd3 g6 12. O-O Bg7 13. Be3 O-O 14. Nc2 {LiveBook: 11 Games} Kh8 15. Rc1 f5 16. f3 Bd7 17. Qd2 {[#]} f4 $146 18. Bf2 (18. Bxd4 $5 exd4 19. Nb4 $14) 18... g5 19. Nxd4 exd4 20. Be2 Qb6 21. Rfd1 Rac8 22. Rxc8 Rxc8 23. b4 Be5 24. a3 Kg7 25. g4 h5 26. h3 Kg6 27. Kg2 Rh8 28. Bxd4 Bxd4 29. Qxd4 Qxd4 30. Rxd4 $11 {KRB-KRB} h4 31. Kf2 Rc8 32. Ke1 Rc3 33. Rd3 Rxd3 ({Black should play} 33... Rc1+ $11 34. Bd1 Kf6) 34. Bxd3 $14 Kf6 {Accuracy: White = 63%, Black = 67%.} 1/2-1/2